Centrum chorvátskej kultúry, Jarovce
Guardado en:
| Autor principal: | |
|---|---|
| Otros Autores: | |
| Formato: | Manuscrito Libro |
| Lenguaje: | eslovaco |
| Publicado: |
2025
|
| Materias: | |
| Acceso en línea: | http://is.stuba.sk/zp/portal_zp.pl?podrobnosti=168245 |
| Etiquetas: |
Sin Etiquetas, Sea el primero en etiquetar este registro!
|
MARC
| LEADER | 00000ntm a22000003a 4500 | ||
|---|---|---|---|
| 001 | stuzp105268 | ||
| 003 | SK-STU | ||
| 005 | 20250614213724.6 | ||
| 007 | ta | ||
| 008 | 150427s2015----xo-----f-mn---000-0-slo-d | ||
| 040 | |a STU |b slo | ||
| 041 | 0 | |a slo | |
| 100 | 1 | |a Imrichová, Barbora |u 051110 |4 aut |U FAD Fakulta architektúry a dizajnu |T FAD Ústav architektúry obytných budov |X 115578 |U A1110 |Y 392 |7 115578 | |
| 242 | 0 | 1 | |a Croatian Cultural Center, Jarovce |y eng |
| 245 | 1 | 0 | |a Centrum chorvátskej kultúry, Jarovce |
| 260 | |c 2025 | ||
| 650 | 4 | |a local context |2 eng | |
| 650 | 4 | |a architectural design |2 eng | |
| 650 | 4 | |a Jarovce |2 eng | |
| 650 | 4 | |a cultural center |2 eng | |
| 650 | 4 | |a lokálny kontext |2 slo | |
| 650 | 4 | |a architektonický návrh |2 slo | |
| 650 | 4 | |a Jarovce |2 slo | |
| 650 | 4 | |a kultúrne centrum |2 slo | |
| 700 | 1 | |a Paňák, Pavel |u 051110 |k Z1 |4 ths |U FAD Fakulta architektúry a dizajnu |T FAD Ústav architektúry obytných budov |X 70322 |U A1110 |Y 392 |7 A000070322 | |
| 856 | 4 | |u http://is.stuba.sk/zp/portal_zp.pl?podrobnosti=168245 | |